000
00275nam a22001337a 4500
020
_a
978-0-143-33047-9
082
_a
825
_b
GAN/G
100
_a
GANDHI, M . K
245
_a
GANDHI SPEAKS
260
_a
USA
_b
PUFFIN BOOKS
300
_a
106
650
_a
SPEAKS
_z
USA
942
_c
BK
999
_c
3717
_d
3717